00282nam a22001217a 4500008004100000041000800041080000800049100000700057101000800064245005900072942001200131999001700143181207b xxu||||| |||| 00| 0 eng d aeng a510 a36 aMAT aNonlinear Ordinary Differential EquationscGrimshaw, R 2udccBK c52999d52999